Normal view MARC view
  • R.B. Singh

Entry Personal Name

Number of records used in: 3

001 - CONTROL NUMBER

  • control field: 10679

003 - CONTROL NUMBER IDENTIFIER

  • control field: NUST

005 - DATE AND TIME OF LATEST TRANSACTION

  • control field: 20180601043553.0

008 - FIXED-LENGTH DATA ELEMENTS

  • fixed length control field: 180601|| aca||aabn | a|a d

040 ## - CATALOGING SOURCE

  • Original cataloging agency: NUST
  • Transcribing agency: NUST

100 ## - HEADING--PERSONAL NAME

  • Personal name: R.B. Singh

670 ## - SOURCE DATA FOUND

  • Source citation: Work cat.: (NUST): R.B. Singh , Introduction to Modern Physics Volume I, 2009
© 2023 Central Library, National University of Sciences and Technology. All Rights Reserved.